Städte in Brandenburg - Karten-Quiz - Statistiken

Allgemein
  • Dieses Quiz wurde 40 mal gespielt
  • Das Durchschnittsergebnis liegt bei 11 aus 16
Antworten auf der Karte
Die Antworten werden auf der Karte rot bzw. grün angezeigt, abhängig davon wie oft sie richtig erraten wurden.
 
Antwortstatistiken
Antwort % Korrekt
Frankfurt (Oder)
97%
Cottbus
94%
Potsdam
94%
Brandenburg an der Havel
88%
Neuruppin
76%
Oranienburg
76%
Schwedt/Oder
76%
Königs Wusterhausen
73%
Eberswalde
70%
Senftenberg
58%
Luckenwalde
52%
Nauen
48%
Templin
48%
Strausberg
45%
Perleberg
39%
Luckau
36%
Keine übereinstimmenden Quizze gefunden
Verteilung der Resultate
Anzahl Personen mit jedem Resultat
Perzentil nach korrekt beantworteten Fragen
Ihre Resultats-Entwicklung
Sie haben dieses Quiz noch nicht gespielt